Statystyki dla Czy znasz Imiona i Nazwiska Członków Ekipy

Kliknij tutaj aby rozwiązać quiz!

Ogólne statystyki

  • Ten quiz został rozwiązany 3 798 razy
    (2 029 od ostatniego zresetowania)
  • Średni wynik to 8 z 11

Statystyki odpowiedzi

KsywkiImiona i Nazwiska% Poprawnych
FrizKarol Wiśniewski
99%
WersowWeronika Sowa
96%
TrombaMateusz Trąbka
78%
PateckiJakub Patecki
72%
MurcixMarta Błoch
72%
Mini MajkMateusz Krzyżanowski
69%
MarcysiaMaria Ryskala
66%
NowciaxPiotr Nowak
57%
Poczciwy KrzychuKamil Chwastek
54%
Wujek ŁukiŁukasz Wojtyca
52%
FusialkaKatarzyna Bożek
49%

Rozkład punktacji

Percentyl według liczby udzielonych odpowiedzi

Procent ludzi z każdym wynikiem

Twoja historia wyników

Nie rozwiązałeś tego quizu od ostatniego zresetowania